000
00290nam a2200121 a 4500
008
100914s1989|||| d
245
1
0
_a
Tvorba národov
100
1
_a
Doctorow, E.L.
020
_c
25
260
_b
Slovenský spisovateľ
_a
Bratislava
_c
1989
044
_a
xo
_c
SK
041
_a
slo
999
_c
10315
_d
10315